US quiz - Statistics

General Stats
  • This quiz has been taken 30 times
  • The average score is 13 of 19
Answer Stats
Qusteion Answer % Correct
How much Countries does the US border? 2
100%
How much states have a driaction is it's name 5
100%
How much States are in the US? 50
100%
Who was the first US president George Washington
100%
How much states once were countries 6
96%
Can you name them? Canada
96%
Can you name them? Mexico
96%
Can you name them? Texas
93%
Can you name them? California
86%
Can you name them? South Carolina
71%
Can you name them? North Carolina
64%
Can you name them? North Dakota
61%
Can you name them? South Dakota
61%
Can you name them? Hawaii
46%
Can you name them? Vermont
36%
What sate's capital is Charleston West Virgina
21%
Can you name them? West Virgina
21%
Can you name them? Rhode Island
18%
Can you name them? Folrida
0%
No matching quizzes found
Score Distribution
Percent of People with Each Score
Percentile by Number Answered
Your Score History
You have not taken this quiz